El pastelero de Madrigal (Record no. 178422)

MARC details
000 -LEADER
campo de control de longitud fija 00882nam a22002175i 4500
001 - NÚMERO DE CONTROL
campo de control 178422
003 - IDENTIFICADOR DE NÚMERO DE CONTROL
campo de control ES-MaACL
005 - FECHA Y HORA DE LA ÚLTIMA TRANSACCIÓN
campo de control 20240514175553.0
008 - DATOS DE LONGITUD FIJA--INFORMACIÓN GENERAL
campo de control de longitud fija 110527s1968 sp |||| | spa d
080 ## - NÚMERO DE LA CLASIFICACIÓN DECIMAL UNIVERSAL
Número de la Clasificación Decimal Universal 94(460)"15"
100 1# - ENTRADA PRINCIPAL--NOMBRE DE PERSONA
Nombre de persona Téllez, José.
9 (RLIN) 146713
245 13 - MENCIÓN DEL TÍTULO
Título El pastelero de Madrigal
Resto del título : reincorporación de Portugal a la corona de Castilla /
Mención de responsabilidad, etc. por José Téllez.
260 ## - PUBLICACIÓN, DISTRIBUCIÓN, ETC.
Lugar de publicación, distribución, etc. Madrid :
Nombre del editor, distribuidor, etc. Delblan,
Fecha de publicación, distribución, etc. D. L. 1968.
300 ## - DESCRIPCIÓN FÍSICA
Extensión 16 p. ;
Dimensiones 16 cm.
490 1# - MENCIÓN DE SERIE
Mención de serie Mosaico cultural : colección de temas instructivos. 9. Anécdotas de la historia de España ;
Designación de volumen o secuencia 20
500 ## - NOTA GENERAL
Nota general Encuadernado con otros títulos.
651 #4 - PUNTO DE ACCESO ADICIONAL DE MATERIA--NOMBRE GEOGRÁFICO
Nombre geográfico España-
Subdivisión general Historia-
Subdivisión cronológica 1556-1598, Felipe II.
9 (RLIN) 8218
830 0# - PUNTO DE ACCESO ADICIONAL DE SERIE-TÍTULO UNIFORME
Título uniforme Mosaico cultural: colección de temas instructivos. Anécdotas de la historia de España
Designación de volumen o secuencia 20
9 (RLIN) 190950
852 ## - LOCALIZACIÓN
Ubicación ES-MaACL
Número de control de estantería E-15196 (20)
Encuadernación Olim P-1923
Holdings
Estatus retirado Estado de pérdida Estado de daño No para préstamo Biblioteca de origen Biblioteca actual Ubicación en estantería Fecha de adquisición Fuente de adquisición Total de préstamos Signatura topográfica completa Código de barras Visto por última vez Precio de reemplazo Tipo de ítem Koha
        Biblioteca del Ateneo de Madrid Biblioteca del Ateneo de Madrid Depósito 2 27/05/2011     E-15196 (20) 1187424 23/02/2023 23/02/2023 Libro impreso